000 00595nam a2200229Ia 4500
003 OSt
005 20220924133726.0
006 a|||||r|||| 00| 0
007 ta
008 220923b |||||||| |||| 00| 0 urd d
024 _a268370
037 _cTextual
040 _aARTS
_cARTS
_burd
041 _2urd
_aurd
082 _aO168,1:gOS:7, N73
100 _aMehmood Ilahi
_9207194
245 0 _aUrdu qasida nighari ka tanqeedi jaiza
260 _c1973
650 _aURDU LITERATURE
942 _hO168,1:gOS:7, N73
_cTEXL
_2CC
999 _c434959
_d434959